| 000 | 01035cam a2200277 4500 | ||
|---|---|---|---|
| 001 | M91175 | ||
| 008 | 090401t1998 xxu||||| |||| 00| 0 eng d | ||
| 035 | _a(Sirsi) u85640 | ||
| 041 | _aeng | ||
| 050 | _a692.8 | ||
| 110 |
_aProperty Advisers to the Civil Estate _93610 |
||
| 245 | _aGC/Works/4 (1998) : contract for building, civil engineering, mechanical and electrical small works : model forms and commentary. | ||
| 250 | _a(New ed.) | ||
| 260 |
_aLondon _bStationery Office _c1998 |
||
| 300 | _avi,57p. ; 30cm. | ||
| 350 | _a30 | ||
| 520 | _aFor General conditions see ISBN 0117021547. Replaces C1001 (1990). General purpose contract aimed at small works projects including building, civil engineering, mechanical and electrical services. | ||
| 650 | _aBUILT ENVIRONMENT-BUILDING CONTRACT FORMS | ||
| 650 | _aGC/WORKS/4 | ||
| 650 | _aGENERAL CONDITIONS OF CONTRACT | ||
| 650 | _aMODEL FORMS | ||
| 650 | _aSMALL WORKS | ||
| 690 | _aBUILT ENVIRONMENT-BUILDING CONTRACT FORMS | ||
| 942 | _n0 | ||
| 948 | _c16/04/1998 | ||
| 999 |
_c97060 _d97060 |
||